Disciplína žiakov a autorita učiteľa
Podmienky na vytvorenie spolupracujúcej atmosféry medzi učiteľom a žiakmi. Disciplína žiakov a komunikácia medzi učiteľom a žiakmi. Prirodzená a skutočná autorita učiteľa.
Salvato in:
| Autore principale: | |
|---|---|
| Natura: | Capitolo di libro |
| Lingua: | slovacco |
| Soggetti: | |
| Tags: |
Nessun Tag, puoi essere il primo ad aggiungerne!!
|
MARC
| LEADER | 00000naa a2200000 4500 | ||
|---|---|---|---|
| 001 | 0221911 | ||
| 005 | 20240502073634.8 | ||
| 041 | 0 | |a slo | |
| 044 | |a SK | ||
| 245 | 1 | 0 | |a Disciplína žiakov a autorita učiteľa |c Andrea Čonková |
| 520 | |a Podmienky na vytvorenie spolupracujúcej atmosféry medzi učiteľom a žiakmi. Disciplína žiakov a komunikácia medzi učiteľom a žiakmi. Prirodzená a skutočná autorita učiteľa. | ||
| 610 | 2 | 0 | |a školy |
| 610 | 2 | 0 | |a sústava výchovno-vzdelávacia |
| 610 | 2 | 0 | |a efektívnosť vzdelávania |
| 610 | 2 | 0 | |a pedagogika |
| 610 | 2 | 0 | |a autorita |
| 610 | 2 | 0 | |a učitelia |
| 610 | 2 | 0 | |a žiaci |
| 610 | 2 | 0 | |a komunikácia interpersonálna |
| 100 | 1 | |a Čonková, Andrea, 1982- | |